000 00328nam a2200145 i 4500
001 bg
100 1 _aMALINOWSKI, Edmund
245 0 _aAnatomia roślin /
_cEdmund Malinowski.
250 _aWyd.8.
260 _aWarszawa,
_c1981.
040 _cBPK
041 _apol
942 _cKS
008 s pl f |000 0 pol
999 _c20138
_d20138
856 _uhttp://koha.tu.koszalin.pl/cgi-bin/koha/opac-detail.pl?biblionumber=20138
_yKatalog online BPK